Trouvez l'acteur ou l'actrice...17 - Statistiques

Statistiques générales
  • Ce quiz a été pris 52 fois
  • Le résultat moyen est 4 sur 15
Statistiques - réponses
Films / Séries Acteurs / Actrices % Correct
Le transporteur - Snatch - En eaux troubles Jason Statham
50%
Les 101 dalmatiens - Et Dieu créa la femme - Les liaisons dangereuses Glenn Close
48%
Le secret de Brokeback Mountain - L'imaginarium du Docteur Parnassus - The Dark Knight Heath Ledger
48%
La chatte sur un toit brûlant - L'arnaque - Butch Cassidy et le Kid Paul Newman
48%
Brice de Nice - La vie rêvée des anges - Ma place au soleil Elodie Bouchez
36%
Mémoires de nos pères - Fast and furious - American stories Paul Walker
27%
Game of thrones - Terminator Genisys - Avant toi Emilia Clarke
25%
Potiche - L'auberge espagnole - La désenchantée Judith Godrèche
25%
Les enfants du marais - Se souvenir des belles choses - Des vents contraires Isabelle Carré
23%
Une nouvelle chance - Sexe entre amis - Bad teacher Justin Timberlake
23%
Delphine 1, Yvan 0 - Mon meilleur ami - Nos plus belles vacances Julie Gayet
14%
Münich - Ne le dis à personne - Le scaphandre et le papillon Marie-Josée Croze
9%
Dawson - Shutter Island - Blue Valentine Michelle Williams
9%
Ghost rider - 2 fast 2 furious - Very bad cops Eva Mendes
5%
Légendes d'automne - Lancelot, le premier chevalier - Sabrina Julia Ormond
5%
Aucun quiz correspondant
Distribution des résultats
% des personnes avec chaque résultat
Percentile par nombre de réponses
Votre historique - résultats
Vous n’avez pas pris ce quiz